000 00373nam a2200133Ia 4500
008 230917s9999||||xx |||||||||||||| ||und||
040 _e92578
_aMAIN
041 _aEnglish
082 _a617 J199C
100 _aJain, Anil Kumar
245 0 _aComparative evaluation of sperm clearance following vesectomy with and without irrigation of vas
300 _a98 p.
942 _cTH
999 _c87376
_d87376